Modelové prístupy oceňovania pre manažérov
Zmena prístupu manažérov k cenotvorbe a strategická úloha tvorby ceny. Priblíženie oceňovania k hodnote zákazníka. Väčšie postavenie oceňovania v podnikovej hierarchii. Negatívne agresívne oceňovanie. Oceňovanie cez internet. Tvorba cien - veda rovnakej úrovne ako financie.
Na minha lista:
| Autor principal: | |
|---|---|
| Outros Autores: | |
| Formato: | Capítulo de Livro |
| Idioma: | eslovaco |
| Assuntos: | |
| Tags: |
Sem tags, seja o primeiro a adicionar uma tag!
|
MARC
| LEADER | 00000nla$a2200000$$$4500 | ||
|---|---|---|---|
| 001 | 0084584 | ||
| 005 | 20240502071945.4 | ||
| 041 | 0 | |a slo | |
| 044 | |a SK | ||
| 245 | 1 | 0 | |a Modelové prístupy oceňovania pre manažérov |c Iveta Kufelová, Eleonora Fendeková |
| 520 | |a Zmena prístupu manažérov k cenotvorbe a strategická úloha tvorby ceny. Priblíženie oceňovania k hodnote zákazníka. Väčšie postavenie oceňovania v podnikovej hierarchii. Negatívne agresívne oceňovanie. Oceňovanie cez internet. Tvorba cien - veda rovnakej úrovne ako financie. | ||
| 610 | 2 | 0 | |a ceny |
| 610 | 2 | 0 | |a tvorba cien |
| 610 | 2 | 0 | |a oceňovanie |
| 610 | 2 | 0 | |a riadenie strategické |
| 610 | 2 | 0 | |a manažéri |
| 610 | 2 | 0 | |a manažment |
| 610 | 2 | 0 | |a zákazníci |
| 610 | 2 | 0 | |a internet |
| 100 | 1 | |a Kufelová, Iveta, 1970- | |
| 700 | 1 | |a Fendeková, Eleonora, 1952- | |